Industrial electronics (Record no. 7902)

000 -LEADER
fixed length control field 00451nam a22001817a 4500
001 - CONTROL NUMBER
control field 7902
003 - CONTROL NUMBER IDENTIFIER
control field BD-DhUET
008 - FIXED-LENGTH DATA ELEMENTS--GENERAL INFORMATION
fixed length control field 141214b xxu||||| |||| 00| 0 eng d
040 ## - CATALOGING SOURCE
Transcribing agency DLC
Modifying agency BD-DhUET
Original cataloging agency DLC
082 ## - DEWEY DECIMAL CLASSIFICATION NUMBER
Classification number 623.81
Item number MOR/1970
100 ## - MAIN ENTRY--PERSONAL NAME
Personal name Morris, Noel
245 ## - TITLE STATEMENT
Title Industrial electronics
250 ## - EDITION STATEMENT
Edition statement 2nd ed.
260 ## - PUBLICATION, DISTRIBUTION, ETC. (IMPRINT)
Place of publication, distribution, etc. New Delhi
Name of publisher, distributor, etc. Tata McGraw-Hill Publishing
Date of publication, distribution, etc. 1978
300 ## - PHYSICAL DESCRIPTION
Extent xii, 305p.
650 #0 - SUBJECT ADDED ENTRY--TOPICAL TERM
Topical term or geographic name as entry element Industrial electronics
942 ## - ADDED ENTRY ELEMENTS (KOHA)
Koha item type General Book
Holdings
Piece designation (barcode) Lost status Koha normalized classification for sorting Copy number Price effective from Source of classification or shelving scheme Sublocation or collection (holding branch) Koha item type Withdrawn status Location (home branch) Koha date last seen Not for loan Date acquired Shelving location Koha full call number Damaged status
69501 623_810000000000000_MOR_197012014-12-14 Central Library, BUETGeneral Book Central Library, BUET2014-12-14 2014-12-14Circulation section623.81/MOR/1970 
69500 623_810000000000000_MOR_197022015-05-03 Central Library, BUETGeneral Book Central Library, BUET2015-05-03 2015-05-03Circulation section623.81/MOR/1970